000 00215nam a2200097Ia 4500
005 20251222113742.0
008 251222s1900||||xx |||||||||||||| ||spa||
082 _aDVD0098/D82/1997
245 0 _aDon Quijote:
942 _cDVD
999 _c651
_d651